Atatürk'ün soykütüğü üzerine bir çalışma (Record no. 2083)

MARC details
000 -BAŞLIK
Sabit Uzunlukta Kontrol Alanı 00795na a2200265 4500
001 - KONTROL NUMARASI
Denetim Alanı 14372
003 - KONTROL NUMARASI IDENTIFIER
Denetim Alanı MIRAKIL
005 - SON İŞLEM TARİHİ VE ZAMANI
Denetim Alanı 20181213154844.0
008 - SABİT-BOY VERİ ELEMANLARI - GENEL BİLGİLER
Sabit Uzunlukta Kontrol Alanı 160920b tu 000 0
020 ## - ULUSLARARASI STANDART KİTAP NUMARASI
Uluslararası Standart Kitap Numarası 9751701171
035 ## - SİSTEM KONTROL NUMARASI
Sistem Kontrol Numarası 14372
040 ## - KATALOGLAMA KAYNAK
Orijinal Kataloglama Ajansı Milas
Kataloglama Dili tur
Metne Dönüştürmek Ajansı TR-AnCHP
082 ## - DEWEY ONLU SINIFLANDIRMA NUMARASI
Sınıflandırma Numarası ATA 923.156
Ürün Numarası G74a 1995
090 ## - SINIFLAMA NUMARASI
Sınıflama Numarası ATA 923.156 G74a 1995
100 ## - ANA GİRİŞ - KİŞİSEL İSİM
Kişisel Ad Göksel, Burhan
245 ## - BAŞLIK TABLOSU
Başlık Atatürk'ün soykütüğü üzerine bir çalışma
Sorumluluk Tablosu, Vb Burhan Göksel
250 ## - EDITION TABLOSU
Baskı Beyanı 3. bs.
260 ## - YAYIN, DAĞITIM, VB
Yayın, Dağıtım, Vb Yeri Ankara
Yayıncı, Dağıtıcı, Vs Adı Kültür Bakanlığı
Yayın, Dağıtım, Vb Tarihi 1995
300 ## - FİZİKSEL TANIM
Kapsam ix, 42 s.
Diğer Fiziksel Ayrıntıları fotg.
Boyutlar 19 sm.
490 ## - SERİSİ TABLOSU
Seri Beyanı Atatürk dizisi
Hacim / Ardışık Tanımı 40
490 ## - SERİSİ TABLOSU
Seri Beyanı Kültür Bakanlığı Yayınları
Hacim / Ardışık Tanımı 849
600 ## - KONU KATMA GİRİŞ - KURUMSAL ADI
Kişisel Ad Atatürk, Mustafa Kemal
Genel Alt Bölümü Aile
600 ## - KONU KATMA GİRİŞ - KURUMSAL ADI
Kişisel Ad Atatürk, Mustafa Kemal
Bir Adıyla İlişkilendirilen Tarihler 1881-1938
Genel Alt Bölümü Soykütüğü
942 ## - EKLENDİ GİRİŞ ELEMANLARI (KOHA)
Sınıflandırma Veya Raf Düzeni Kaynak
Koha Öğesi Türü Books
999 ## - SİSTEM KONTROL NUMARALARI (KOHA)
Koha Biblionumber 2083
Koha Biblioitemnumber 2083
Holdings
Kalıcı Konum Mevcut Konum Edinme Tarihi Edinim Kaynak Toplam Check-Out'Lar Tam Çağrı Numarası Barkod Tarih Son Görülme İtibaren Geçerli Fiyatlar Koha Öğesi Türü Kopya Sayısı
CHP Kütüphanesi CHP Kütüphanesi 08/26/2016 Bağış   ATA 923.156 G74a 1995 002192 08/26/2016 08/26/2016 Books  
CHP Kütüphanesi CHP Kütüphanesi 08/31/2016 Bağış   ATA 923.156 G74a 1995 002676 08/31/2016 08/31/2016 Books k.2